Представление документа в формате MARC21

Поле Инд. ПП Название Значение
Тип записи a
Библиографический уровень c
001 Контрольный номер b226dd7c944947a08a234bfcba7bfd98
005 Дата корректировки 20260603112925.8
040 b Код языка каталог. rus
e Правила каталог. PSBO
041 0_ a Код языка текста rus
097 b Оператор *Ир*
245 10 a Заглавие Рабочая программа дисциплины общеобразовательной подготовки вариативной части "Организация и осуществление продаж". Специальность: 38.02.08 Торговое дело. Направленность программы: Товароведческая экспертиза и организация торговой деятельности. Форма обучения – очная
b Продолж. заглавия в составе учебно-методического комплекса
c Ответственность Кафедра "Менеджмент"
c Ответственность разработчик Л.Г. Наумова
260 a Место издания Тверь
c Дата издания 2026
b Издательство ТвГТУ
440 _0 a Серия УМК-РП
500 a Примечание 6/2026э
516 8_ a Прим. о типе комп. файла/ данных Текст : электронный
a Прим. о типе комп. файла/ данных Дата обращения: 01.06.26
535 1_ a Хранилище сайт ТвГТУ
653 0_ a Ключевые слова СПО
655 a Жанр/ форма (устаревшее) М
773 18 w Контрольный № источника 670889b046e0446f8c1d5bec5177257e
856 40 u URL https://new.tstu.tver.ru/documents/k67cn50ud8.pdf?v=9
901 t Тип документа y
905 b Дата создания записи обработка 01.06.26
922 c Кафедра Менеджмент
951 i EL-ТГТУ? Да
952 d Цикл дисциплин 1
g 1
a Тип литературы для КСУ ВШ П
990 j Количество экземпляров (DOS) 1